000 01304 a2200265 4500
005 20171013092620.0
008 171013s2016 ck o||||r|||| 00| 0 spa d
020 _a9789589800881
040 _aCO-BoUCM
_bspa
_cSandra Palacio
_dSandra Palacio
041 0 _aspa
110 1 _aMinisterio de Cultura
_959470
245 1 3 _aLa caficultura como patrimonio cultural, social y productivo. Paisaje cultural cafetero de Colombia
_bCinco años como patrimonio mundial. Gestiones interinstitucionales en el marco del plan de manejo del paisaje cultural cafetero entre 2011 y diciembre de 2015
_cMinisterio de Cultura
246 _aPaisaje cultural cafetero de Colombia
_bCinco años como patrimonio mundial
260 _bMinisterio de Cultura
_aBogotá (Colombia)
_c2016
300 _a230 páginas
_bfotografías
650 1 7 _987699
_aTrabajadores del café
_xAspectos sociales
650 7 _97901
_aPatrimonio cultural
_xCafeteros
_zColombia
650 7 _aOrdenamiento territorial
_zColombia
_941757
651 _2Colombia
_aZona cafetera
_987723
710 1 _aFederación Nacional de Cafeteros de Colombia
_94224
710 1 _aUniversidad Nacional de Colombia
_93820
710 1 _aUniversidad de Caldas
_94708
942 _cLIBRO
_2DEWEY
_a5
_e1
_h307.109861
_mC129cp
999 _c307626
_d307626